International journal of hospitality & tourism systems

Bibliographic Details
Format: Electronic Journal
Language:English
Published: New Delhi, India : Publishing India Group, 2008-
Subjects:
Online Access:Full text available from Research Library: 01/01/2008 to 1 year ago

MARC

LEADER 00000nas a2200000 i 4500
001 ssj0001366241
003 WaSeSS
005 20200512172242.0
006 m d
007 cr n
008 141029c20089999ii ar p|s|||||| |0eng d
022 |y 0974-6250 
035 |a (WaSeSS)ssj0001366241 
040 |a WaSeSS  |b eng  |c WaSeSS  |d WaSeSS 
050 4 |a TX901 
245 0 0 |a International journal of hospitality & tourism systems  |h [electronic resource]. 
246 1 |a International journal of hospitality and tourism systems 
260 |a New Delhi, India :  |b Publishing India Group,  |c 2008- 
310 |a Annual 
362 1 |a Began with Volume 1, Issue 1 (2008). 
506 |a License restrictions may limit access. 
588 |a Description based on: Volume 1, Issue 1 (2008); title from article pdf (ProQuest, viewed Oct. 29, 2014). 
588 |a Latest issue consulted: Volume 6, Issue 1 (June 2013) (viewed Oct. 29, 2014). 
650 0 |a Hospitality industry  |v Periodicals. 
650 0 |a Tourism  |v Periodicals. 
655 0 |a Electronic journals. 
776 0 8 |i Print version:  |t International journal of hospitality & tourism systems  |x 0974-6250 
856 4 0 |z Full text available from Research Library: 01/01/2008 to 1 year ago  |u https://search.proquest.com/publication/2030938